| 000 | 01012nam a22002417a 4500 | ||
|---|---|---|---|
| 999 |
_c65831 _d65831 |
||
| 005 | 20240530110845.0 | ||
| 008 | 201006s2020 ua a g b 000 0 ara d | ||
| 017 |
_a2005/16419 _bمصر. دار الكتب |
||
| 020 | _a9773275744 | ||
| 040 |
_aEG-CaGPL _cEG-CaGPL |
||
| 082 | 0 | 4 |
_221 _a543/ _bم ك |
| 100 | 0 | _aمصطفى عبداللطيف عباسى | |
| 245 | 1 | 2 |
_aالكيمياء التحليلية و تطبيقاتها / _cمصطفى عبداللطيف عباسى، عبدالسلام حلمى بلال |
| 260 |
_aالقاهرة : _bدار الوفاء لدنيا الطباعة و النشر، _c2020. |
||
| 300 |
_a271 ص. : _bايض ؛ _c24 سم. |
||
| 504 | _aيشتمل على ارجاعات ببليوجرافية | ||
| 650 | 0 | 7 |
_2qrmak _aالكيمياء التحليلية |
| 650 | 0 | 7 |
_2qrmak _aالتحليل الكيميائى |
| 651 | _2qrmak | ||
| 700 | 0 |
_aعبدالسلام حلمى بلال _eمؤلف مشارك |
|
| 942 |
_2ddc _cBK |
||